Southville International School and Colleges
Your cart is empty.
  • Cart
  • Lists
    Public lists Eva Luna New books Lux_list list_1
    Your lists Log in to create your own lists
  • Log in to your account
  • Your cookies
  • Search history
Southville International School and Colleges
  • Advanced search
  • Recent comments
  • Most popular
  • Libraries

Log in to your account

Log in with GOOGLE


If you do not have an external account, but do have a local account, you can still log in:

  1. Home
  2. MARC view: Elementary linear algebra /
Normal view MARC view ISBD view

Elementary linear algebra / (Record no. 335182)

[ view plain ]
MARC details
000 -LEADER
fixed length control field 00538nam a22001937a 4500
003 - CONTROL NUMBER IDENTIFIER
control field SISC
005 - DATE AND TIME OF LATEST TRANSACTION
control field 20170529134756.0
008 - FIXED-LENGTH DATA ELEMENTS--GENERAL INFORMATION
fixed length control field 170529b xxu||||| |||| 00| 0 eng d
020 ## - INTERNATIONAL STANDARD BOOK NUMBER
International Standard Book Number 9789814624657
050 ## - LIBRARY OF CONGRESS CALL NUMBER
Classification number QA 184
Item number .L334 2014
100 ## - MAIN ENTRY--PERSONAL NAME
Personal name Larson, Ron.
245 ## - TITLE STATEMENT
Title Elementary linear algebra /
Statement of responsibility, etc Ron Larson.
250 ## - EDITION STATEMENT
Edition statement 7th edition.
260 ## - PUBLICATION, DISTRIBUTION, ETC. (IMPRINT)
Place of publication, distribution, etc Singapore :
Name of publisher, distributor, etc Cengage Learning,
Date of publication, distribution, etc 2014.
300 ## - PHYSICAL DESCRIPTION
Extent xiv, 390 pages :
Other physical details illustrations ;
Dimensions 23 cm.
500 ## - GENERAL NOTE
General note Includes index.
650 ## - SUBJECT ADDED ENTRY--TOPICAL TERM
Topical term or geographic name as entry element Algebras, Linear.
942 ## - ADDED ENTRY ELEMENTS (KOHA)
Source of classification or shelving scheme Library of Congress Classification
Koha item type Books
Holdings
Withdrawn status Lost status Source of classification or shelving scheme Damaged status Home library Current library Shelving location Date acquired Source of acquisition Sub Shelving location Total Checkouts Total Renewals Full call number Barcode Date last seen Date checked out Price effective from Koha item type
    Library of Congress Classification   College Library College Library Reserve Section 05/29/2017 Library Fund   2 12 QA 184 .L334 2014 C20911 01/27/2020 01/18/2020 05/29/2017 Books

Elementary linear algebra /

APA

Larson R., . (2014). Elementary linear algebra. Singapore: Cengage Learning.

Chicago

Larson Ron, . 2014. Elementary linear algebra. Singapore: Cengage Learning.

Harvard

Larson R., . (2014). Elementary linear algebra. Singapore: Cengage Learning.

MLA

Larson Ron, . Elementary linear algebra. Singapore: Cengage Learning. 2014.

  • Place hold
  • Print
  • Cite
  • Add to your cart (remove)
  • Save record
    BIBTEX Dublin Core MARCXML MARC (non-Unicode/MARC-8) MARC (Unicode/UTF-8) MARC (Unicode/UTF-8, Standard) MODS (XML) RIS
  • More searches
    Search for this title in:
    Other Libraries (WorldCat) Other Databases (Google Scholar) Online Stores (Bookfinder.com) Open Library (openlibrary.org)

Exporting to Dublin Core...

SOUTHVILLE LIBRARY

Southville International School and Colleges Library

1281 Tropical Ave. Cor. Luxembourg St., BF Homes International, Las Pinas City

Tel. No. 8256374 / 252358 Loc. 117/146

Powered by Koha